000 00354nam a2200145Ia 4500
008 240624s9999 xx 000 0 und d
041 _aeng
082 _a339 WEL
100 _aWELFENS PAUL J J
245 _aINNOVATIONS IN MACROECONOMICS
250 _a(3rd ed.)
260 _c2011
_aGermany
_bSpringer
300 _axxii, : 634 : p.
365 _cERU
_b28
999 _c20406
_d20406